000 00944nam a2200253 a 4500
001 BRCA_5415
005 20190320205051.0
008 101210s1946----mx-a######---#000-0#spa-#
041 _aspa
044 _amx
050 4 _aZ720
_b.H66 1946
245 1 0 _aHomenaje a Don Francisco Gamoneda
_bmiscelánea de estudios de erudición, historia, literatura y arte.
260 _aMéxico
_bImprenta Universitaria
_c1946
300 _a581 p.
_bil.
_c24 cm.
500 _aOrganizadores del homenaje: Alfonso Reyes, Enrique González Martínez, Enrique Diez Canedo, Agustín Millares Carlo, Federico Gómez Orozco, Pablo Neruda, José Ignacio Mantecón
500 _aCon Ex libris de: F. Gamoneda
500 _aEstado físico: Encuadernación deteriorada
500 _aE137
504 _aBibliografía: p. 18-25
600 1 4 _aGamoneda, Francisco
_d1873-1953
_913836
650 1 4 _aBibliotecarios
_zMéxico
_913837
902 _aGFM
942 _2lcc
_cB
999 _c5109
_d5109